[Event "DEM U16w 2024"]
[Site "Willingen GER"]
[Date "2024.05.20"]
[Round "3"]
[White "Moldovan, Tatiana"]
[Black "Stasaitis, Paulina"]
[Result "1/2-1/2"]
[Termination "normal"]
[Board "9"]
[WhiteElo "1708"]
[BlackElo "1692"]
[WhiteClock "01:13:11"]
[BlackClock "01:23:33"]
[PlyCount "73"]
[WhiteFideId "16287398"]
[BlackFideId "34606165"]
[EventCountry "GER"]
[EventRounds "9"]
[EventType "swiss"]
[EventDate "2024.05.18"]

1. e4 {[%clk 01:30:40]} {[%emt 00:00:20]} d5 {[%clk 01:30:52]} {[%emt
00:00:08]} 2. exd5 {[%clk 01:31:05]} {[%emt 00:00:05]} Qxd5 {[%clk 01:31:17]}
{[%emt 00:00:05]} 3. Nc3 {[%clk 01:31:30]} {[%emt 00:00:06]} Qa5 {[%clk
01:31:43]} {[%emt 00:00:04]} 4. d4 {[%clk 01:31:49]} {[%emt 00:00:10]} Nf6
{[%clk 01:32:06]} {[%emt 00:00:07]} 5. Bd2 {[%clk 01:32:00]} {[%emt 00:00:19]}
c6 {[%clk 01:32:30]} {[%emt 00:00:05]} 6. h3 {[%clk 01:32:18]} {[%emt
00:00:13]} Bf5 {[%clk 01:32:44]} {[%emt 00:00:15]} 7. Nf3 {[%clk 01:32:32]}
{[%emt 00:00:16]} e6 {[%clk 01:33:06]} {[%emt 00:00:08]} 8. a3 {[%clk
01:32:50]} {[%emt 00:00:13]} Qc7 {[%clk 01:33:27]} {[%emt 00:00:09]} 9. Be3
{[%clk 01:32:01]} {[%emt 00:01:19]} Bd6 {[%clk 01:33:37]} {[%emt 00:00:20]} 10.
Bd3 {[%clk 01:31:28]} {[%emt 00:01:02]} Bxd3 {[%clk 01:33:41]} {[%emt
00:00:26]} 11. Qxd3 {[%clk 01:31:50]} {[%emt 00:00:08]} Nbd7 {[%clk 01:33:34]}
{[%emt 00:00:37]} 12. Nd2 {[%clk 01:30:08]} {[%emt 00:02:13]} Nd5 {[%clk
01:29:15]} {[%emt 00:04:48]} 13. Nde4 {[%emt 00:04:31]} Nxe3 {[%clk 01:28:17]}
{[%emt 00:00:16]} 14. Nxd6+ {[%clk 01:26:50]} {[%emt 00:01:00]} Qxd6 {[%clk
01:28:36]} {[%emt 00:00:11]} 15. Qxe3 {[%clk 01:27:00]} {[%emt 00:00:20]} Nf6
{[%clk 01:28:39]} {[%emt 00:00:27]} 16. Ne4 {[%clk 01:25:51]} {[%emt 00:01:38]}
Nxe4 {[%clk 01:28:12]} {[%emt 00:00:57]} 17. Qxe4 {[%clk 01:26:17]} {[%emt
00:00:04]} Qd5 {[%clk 01:26:15]} {[%emt 00:02:26]} 18. Qxd5 {[%clk 01:23:03]}
{[%emt 00:03:46]} exd5 {[%clk 01:26:38]} 19. O-O {[%clk 01:23:28]} {[%emt
00:00:12]} O-O {[%clk 01:26:46]} 20. Rfe1 {[%clk 01:23:33]} {[%emt 00:00:46]}
Rfe8 {[%clk 01:26:43]} 21. f3 {[%clk 01:18:33]} {[%emt 00:06:04]} f6 {[%clk
01:26:28]} 22. Kf2 {[%clk 01:18:33]} Kf7 {[%clk 01:26:33]} {[%emt 00:01:34]}
23. Rad1 {[%clk 01:13:45]} {[%emt 00:05:24]} Rad8 {[%clk 01:26:45]} {[%emt
00:00:18]} 24. Rxe8 {[%clk 01:13:25]} {[%emt 00:00:49]} Rxe8 {[%clk 01:27:06]}
{[%emt 00:00:09]} 25. Rd3 {[%clk 01:13:50]} {[%emt 00:00:06]} g5 {[%clk
01:25:11]} {[%emt 00:02:25]} 26. Rb3 {[%clk 01:13:53]} {[%emt 00:00:27]} Re7
{[%clk 01:25:30]} {[%emt 00:00:10]} 27. Re3 {[%clk 01:14:04]} {[%emt 00:00:19]}
Rxe3 {[%clk 01:23:38]} 28. Kxe3 {[%clk 01:14:29]} {[%emt 00:02:28]} h5 {[%clk
01:23:45]} {[%emt 00:00:23]} 29. g3 {[%clk 01:13:39]} {[%emt 00:01:19]} Ke6
{[%clk 01:23:24]} {[%emt 00:00:51]} 30. g4 {[%clk 01:12:56]} {[%emt 00:01:14]}
hxg4 {[%clk 01:23:07]} {[%emt 00:00:47]} 31. hxg4 {[%clk 01:13:09]} {[%emt
00:00:16]} f5 {[%clk 01:23:09]} {[%emt 00:00:28]} 32. Kd3 {[%clk 01:13:27]}
{[%emt 00:00:13]} fxg4 {[%clk 01:22:49]} {[%emt 00:00:49]} 33. fxg4 {[%clk
01:13:51]} {[%emt 00:00:06]} a5 {[%clk 01:22:25]} {[%emt 00:00:54]} 34. b4
{[%clk 01:12:19]} {[%emt 00:02:02]} axb4 {[%clk 01:22:45]} {[%emt 00:00:11]}
35. axb4 {[%clk 01:12:45]} {[%emt 00:00:04]} b5 {[%clk 01:23:10]} {[%emt
00:00:05]} 36. c3 {[%clk 01:13:05]} {[%emt 00:00:10]} Kf6 {[%clk 01:23:33]}
{[%emt 00:00:06]} 37. Ke3 {[%clk 01:13:11]} {[%emt 00:00:25]} 1/2-1/2

[Event "DEM U16w 2024"]
[Site "Willingen GER"]
[Date "2024.05.20"]
[Round "3"]
[White "Fock, Madiha"]
[Black "Hoffmann, Sophia"]
[Result "1-0"]
[Termination "normal"]
[Board "10"]
[WhiteElo "1780"]
[BlackElo "1692"]
[WhiteClock "00:22:03"]
[BlackClock "00:00:33"]
[PlyCount "73"]
[WhiteFideId "16253574"]
[BlackFideId "16259130"]
[EventCountry "GER"]
[EventRounds "9"]
[EventType "swiss"]
[EventDate "2024.05.18"]

1. e4 {[%clk 01:30:59]} e5 {[%clk 01:30:55]} {[%emt 00:00:05]} 2. Nf3 {[%clk
01:31:26]} {[%emt 00:00:03]} Nc6 {[%clk 01:31:22]} {[%emt 00:00:04]} 3. Bb5
{[%clk 01:31:52]} {[%emt 00:00:04]} a6 {[%clk 01:29:55]} {[%emt 00:01:57]} 4.
Bxc6 {[%clk 01:32:16]} {[%emt 00:00:06]} bxc6 {[%clk 01:29:50]} {[%emt
00:00:35]} 5. d4 {[%clk 01:32:22]} {[%emt 00:00:24]} exd4 {[%clk 01:28:16]}
{[%emt 00:02:03]} 6. Qxd4 {[%clk 01:32:43]} {[%emt 00:00:09]} Nf6 {[%clk
01:14:54]} {[%emt 00:13:52]} 7. O-O {[%clk 01:26:33]} {[%emt 00:06:40]} Be7
{[%clk 01:11:23]} {[%emt 00:04:01]} 8. Nc3 {[%clk 01:21:44]} {[%emt 00:05:20]}
d5 {[%clk 01:06:21]} {[%emt 00:05:32]} 9. exd5 {[%clk 01:13:02]} {[%emt
00:09:11]} cxd5 {[%clk 01:05:51]} {[%emt 00:01:00]} 10. Re1 {[%clk 01:12:32]}
{[%emt 00:01:00]} O-O {[%clk 01:03:44]} {[%emt 00:02:37]} 11. Na4 {[%clk
01:10:09]} {[%emt 00:02:53]} c6 {[%clk 00:59:27]} {[%emt 00:04:47]} 12. a3
{[%clk 01:02:03]} {[%emt 00:08:37]} Bd7 {[%clk 00:49:52]} {[%emt 00:10:05]} 13.
Ne5 {[%clk 00:58:56]} {[%emt 00:03:36]} Bd6 {[%clk 00:43:05]} {[%emt 00:07:17]}
14. Bg5 {[%clk 00:56:18]} {[%emt 00:03:08]} Bxe5 {[%clk 00:35:40]} {[%emt
00:07:55]} 15. Rxe5 {[%clk 00:55:41]} {[%emt 00:01:07]} h6 {[%clk 00:22:42]}
{[%emt 00:13:28]} 16. Bh4 {[%clk 00:53:01]} {[%emt 00:03:11]} Rc8 {[%clk
00:16:55]} {[%emt 00:06:17]} 17. b4 {[%clk 00:49:23]} {[%emt 00:04:07]} Re8
{[%clk 00:13:43]} {[%emt 00:03:42]} 18. Rae1 {[%clk 00:40:25]} {[%emt
00:09:28]} a5 {[%clk 00:10:33]} {[%emt 00:03:40]} 19. Nc5 {[%clk 00:35:34]}
{[%emt 00:05:21]} axb4 {[%clk 00:09:03]} {[%emt 00:02:00]} 20. axb4 {[%clk
00:35:59]} {[%emt 00:00:06]} Qb6 {[%clk 00:05:43]} {[%emt 00:03:50]} 21. Bxf6
{[%clk 00:33:50]} {[%emt 00:02:39]} gxf6 {[%clk 00:05:48]} {[%emt 00:00:25]}
22. Re7 {[%clk 00:32:17]} {[%emt 00:02:02]} Rxe7 {[%clk 00:04:14]} {[%emt
00:02:04]} 23. Rxe7 {[%clk 00:32:41]} {[%emt 00:00:06]} Re8 {[%clk 00:02:09]}
{[%emt 00:02:35]} 24. Rxe8+ {[%clk 00:25:53]} {[%emt 00:07:19]} Bxe8 {[%clk
00:02:28]} {[%emt 00:00:11]} 25. Ne6 {[%clk 00:22:05]} {[%emt 00:04:17]} Qxd4
{[%clk 00:02:03]} {[%emt 00:00:55]} 26. Nxd4 {[%clk 00:22:34]} {[%emt
00:00:02]} Kh7 {[%clk 00:01:38]} {[%emt 00:00:54]} 27. f4 {[%clk 00:22:57]}
{[%emt 00:00:07]} Bd7 {[%clk 00:01:29]} {[%emt 00:00:37]} 28. Kf2 {[%clk
00:23:21]} {[%emt 00:00:08]} Kg6 {[%clk 00:01:19]} {[%emt 00:00:39]} 29. Kf3
{[%clk 00:20:34]} {[%emt 00:03:18]} h5 {[%clk 00:00:45]} {[%emt 00:01:03]} 30.
h3 {[%clk 00:19:55]} {[%emt 00:01:09]} h4 {[%clk 00:00:37]} {[%emt 00:00:39]}
31. Ke3 {[%clk 00:19:55]} {[%emt 00:00:30]} f5 {[%clk 00:00:38]} {[%emt
00:00:30]} 32. Nf3 {[%clk 00:20:08]} {[%emt 00:00:15]} Kh5 {[%clk 00:00:40]}
{[%emt 00:00:28]} 33. Ne5 {[%clk 00:20:28]} {[%emt 00:00:11]} Be8 {[%clk
00:00:54]} {[%emt 00:00:16]} 34. Kd4 {[%clk 00:20:46]} {[%emt 00:00:12]} f6
{[%clk 00:00:39]} {[%emt 00:00:45]} 35. Nf3 {[%clk 00:21:11]} {[%emt 00:00:05]}
Bd7 {[%clk 00:00:36]} {[%emt 00:00:33]} 36. Kc5 {[%clk 00:21:38]} {[%emt
00:00:03]} Be8 {[%clk 00:00:33]} {[%emt 00:00:33]} 37. Kd6 {[%clk 00:22:03]}
{[%emt 00:00:05]} 1-0

[Event "DEM U16w 2024"]
[Site "Willingen GER"]
[Date "2024.05.20"]
[Round "3"]
[White "Fetahovic, Sarah"]
[Black "Englert, Lin"]
[Result "1-0"]
[Termination "normal"]
[Board "11"]
[WhiteElo "1761"]
[BlackElo "1725"]
[WhiteClock "00:27:16"]
[BlackClock "01:22:46"]
[PlyCount "85"]
[WhiteFideId "34601546"]
[BlackFideId "16226410"]
[EventCountry "GER"]
[EventRounds "9"]
[EventType "swiss"]
[EventDate "2024.05.18"]

1. e4 {[%clk 01:30:56]} {[%emt 00:00:03]} c5 {[%clk 01:30:57]} {[%emt
00:00:04]} 2. Be2 {[%clk 01:31:15]} {[%emt 00:00:11]} Nc6 {[%clk 01:30:58]}
{[%emt 00:00:29]} 3. f4 {[%clk 01:31:12]} {[%emt 00:00:32]} Nf6 {[%clk
01:29:42]} {[%emt 00:01:46]} 4. d3 {[%clk 01:31:23]} {[%emt 00:00:19]} d5
{[%clk 01:29:10]} {[%emt 00:01:03]} 5. e5 {[%clk 01:29:09]} {[%emt 00:02:44]}
Ng8 {[%clk 01:29:21]} {[%emt 00:00:19]} 6. Nf3 {[%clk 01:22:48]} {[%emt
00:06:51]} g6 {[%clk 01:28:21]} {[%emt 00:01:30]} 7. d4 {[%clk 01:02:11]}
{[%emt 00:21:07]} cxd4 {[%clk 01:25:50]} {[%emt 00:03:00]} 8. Nxd4 {[%clk
01:02:07]} {[%emt 00:00:34]} Bg7 {[%clk 01:26:06]} {[%emt 00:00:14]} 9. Bb5
{[%clk 00:46:30]} {[%emt 00:16:07]} Bd7 {[%clk 01:23:56]} {[%emt 00:02:39]} 10.
Nc3 {[%clk 00:44:02]} {[%emt 00:02:59]} Nxd4 {[%clk 01:18:07]} {[%emt
00:06:19]} 11. Bxd7+ {[%clk 00:38:14]} {[%emt 00:06:18]} Qxd7 {[%clk 01:18:30]}
{[%emt 00:00:07]} 12. Qxd4 {[%clk 00:38:33]} {[%emt 00:00:11]} e6 {[%clk
01:18:02]} {[%emt 00:00:58]} 13. O-O {[%clk 00:34:14]} {[%emt 00:04:48]} Ne7
{[%clk 01:16:50]} {[%emt 00:01:42]} 14. Re1 {[%clk 00:31:37]} {[%emt 00:03:07]}
O-O {[%clk 01:13:12]} {[%emt 00:04:08]} 15. Qd3 {[%clk 00:23:36]} {[%emt
00:08:31]} f6 {[%clk 01:02:57]} {[%emt 00:10:45]} 16. exf6 {[%clk 00:13:08]}
{[%emt 00:10:58]} Rxf6 {[%clk 01:03:20]} {[%emt 00:00:07]} 17. Ne4 {[%clk
00:07:27]} {[%emt 00:06:11]} Nc6 {[%clk 00:59:44]} {[%emt 00:04:06]} 18. Nxf6+
{[%clk 00:06:21]} {[%emt 00:01:36]} Bxf6 {[%clk 01:00:13]} {[%emt 00:00:02]}
19. c3 {[%clk 00:05:58]} {[%emt 00:00:52]} Qf7 {[%clk 00:58:04]} {[%emt
00:02:38]} 20. Be3 {[%clk 00:04:47]} {[%emt 00:01:42]} Re8 {[%clk 00:57:10]}
{[%emt 00:01:24]} 21. Rad1 {[%clk 00:04:23]} {[%emt 00:00:54]} Bg7 {[%clk
00:56:23]} {[%emt 00:01:18]} 22. g3 {[%clk 00:03:58]} {[%emt 00:00:54]} Qf5
{[%clk 00:55:45]} {[%emt 00:01:08]} 23. Qxf5 {[%clk 00:04:01]} {[%emt
00:00:27]} gxf5 {[%clk 00:56:14]} {[%emt 00:00:01]} 24. Bc5 {[%clk 00:03:15]}
{[%emt 00:01:16]} Kf7 {[%clk 00:56:26]} {[%emt 00:00:18]} 25. Kf2 {[%clk
00:02:19]} {[%emt 00:01:26]} b6 {[%clk 00:56:42]} {[%emt 00:00:14]} 26. Bd4
{[%clk 00:01:34]} {[%emt 00:01:14]} Nxd4 {[%clk 00:55:05]} {[%emt 00:02:08]}
27. cxd4 {[%clk 00:02:00]} {[%emt 00:00:04]} Rc8 {[%clk 00:55:30]} {[%emt
00:00:05]} 28. Re2 {[%clk 00:02:08]} {[%emt 00:00:23]} Rc4 {[%clk 00:53:29]}
{[%emt 00:02:30]} 29. Ke3 {[%clk 00:01:29]} {[%emt 00:01:09]} Ke7 {[%clk
00:53:55]} {[%emt 00:00:04]} 30. Red2 {[%clk 00:00:55]} {[%emt 00:01:04]} Kd7
{[%clk 00:53:59]} {[%emt 00:00:26]} 31. Rd3 {[%clk 00:01:03]} {[%emt 00:00:22]}
Rc2 {[%clk 00:51:11]} {[%emt 00:03:18]} 32. R1d2 {[%clk 00:00:46]} {[%emt
00:00:47]} Rxd2 {[%clk 00:50:28]} {[%emt 00:01:12]} 33. Rxd2 {[%clk 00:00:52]}
{[%emt 00:00:25]} Bf8 {[%clk 00:50:58]} 34. Rc2 {[%clk 00:00:45]} {[%emt
00:00:36]} Bb4 {[%clk 00:51:21]} {[%emt 00:00:07]} 35. a3 {[%clk 00:00:43]}
{[%emt 00:00:31]} Be7 {[%clk 00:51:49]} {[%emt 00:00:02]} 36. Kf3 {[%clk
00:00:45]} {[%emt 00:00:29]} Bf6 {[%clk 00:52:18]} {[%emt 00:00:02]} 37. Ke3
{[%clk 00:00:44]} {[%emt 00:00:30]} Bg7 {[%clk 00:52:33]} {[%emt 00:00:15]} 38.
h3 {[%clk 00:00:57]} {[%emt 00:00:17]} Bf6 {[%clk 00:52:37]} {[%emt 00:00:25]}
39. g4 {[%clk 00:01:01]} {[%emt 00:00:27]} fxg4 {[%clk 00:52:47]} {[%emt
00:00:21]} 40. hxg4 {[%clk 00:01:27]} {[%emt 00:00:04]} Bg7 {[%clk 00:53:04]}
{[%emt 00:00:12]} 41. Rh2 {[%clk 00:01:13]} {[%emt 00:00:44]} h6 {[%clk
00:53:33]} {[%emt 00:00:02]} 42. g5 {[%clk 00:30:11]} {[%emt 00:01:31]} hxg5
{[%clk 01:22:46]} {[%emt 00:01:17]} 43. Rh7 {[%clk 00:27:16]} {[%emt 00:03:24]}
1-0

[Event "DEM U16w 2024"]
[Site "Willingen GER"]
[Date "2024.05.20"]
[Round "3"]
[White "Junge, Julia Marie"]
[Black "Sayouf, Rafif"]
[Result "0-1"]
[Termination "normal"]
[Board "12"]
[WhiteElo "1659"]
[BlackElo "1690"]
[WhiteClock "00:03:47"]
[BlackClock "00:01:08"]
[PlyCount "231"]
[WhiteFideId "16293908"]
[BlackFideId "34630333"]
[EventCountry "GER"]
[EventRounds "9"]
[EventType "swiss"]
[EventDate "2024.05.18"]

1. e4 {[%clk 01:30:54]} {[%emt 00:00:06]} e5 {[%clk 01:30:56]} {[%emt
00:00:04]} 2. Nf3 {[%clk 01:30:58]} {[%emt 00:00:26]} Nc6 {[%clk 01:31:18]}
{[%emt 00:00:08]} 3. d4 {[%clk 01:30:36]} {[%emt 00:00:52]} exd4 {[%clk
01:30:53]} {[%emt 00:00:56]} 4. Nxd4 {[%clk 01:30:02]} {[%emt 00:01:03]} Bc5
{[%clk 01:24:12]} {[%emt 00:07:11]} 5. Be3 {[%clk 01:29:57]} {[%emt 00:00:34]}
Bxd4 {[%clk 01:18:48]} {[%emt 00:05:56]} 6. Bxd4 {[%clk 01:30:14]} {[%emt
00:00:13]} Nxd4 {[%clk 01:19:13]} {[%emt 00:00:05]} 7. Qxd4 {[%clk 01:30:35]}
{[%emt 00:00:09]} Qf6 {[%clk 01:19:33]} {[%emt 00:00:09]} 8. c3 {[%clk
01:27:39]} {[%emt 00:03:27]} d6 {[%clk 01:18:27]} {[%emt 00:01:36]} 9. Bc4
{[%clk 01:25:59]} {[%emt 00:02:09]} Be6 {[%clk 01:12:49]} {[%emt 00:06:07]} 10.
Bb5+ {[%clk 01:18:26]} {[%emt 00:08:04]} c6 {[%clk 01:11:08]} {[%emt 00:02:12]}
11. Ba4 {[%clk 01:17:02]} {[%emt 00:01:53]} Qxd4 {[%clk 01:10:55]} {[%emt
00:00:43]} 12. cxd4 {[%clk 01:17:17]} {[%emt 00:00:15]} b5 {[%clk 01:11:18]}
{[%emt 00:00:07]} 13. Bc2 {[%clk 01:16:46]} {[%emt 00:01:01]} Ne7 {[%clk
01:10:30]} {[%emt 00:01:17]} 14. f4 {[%clk 01:16:00]} {[%emt 00:01:16]} f5
{[%clk 01:09:03]} {[%emt 00:01:58]} 15. Nd2 {[%clk 01:11:21]} {[%emt 00:05:09]}
fxe4 {[%clk 01:08:34]} {[%emt 00:00:59]} 16. Nxe4 {[%clk 01:11:31]} {[%emt
00:00:20]} d5 {[%clk 01:08:56]} {[%emt 00:00:09]} 17. Nc5 {[%clk 01:11:04]}
{[%emt 00:00:56]} Bf5 {[%clk 01:08:30]} {[%emt 00:00:56]} 18. O-O-O {[%clk
01:08:52]} {[%emt 00:02:42]} O-O {[%clk 01:01:12]} {[%emt 00:07:47]} 19. Rhe1
{[%clk 01:06:19]} {[%emt 00:03:03]} Ng6 {[%clk 00:54:31]} {[%emt 00:07:11]} 20.
Bxf5 {[%clk 01:03:41]} {[%emt 00:03:08]} Rxf5 {[%clk 00:54:40]} {[%emt
00:00:20]} 21. g3 {[%clk 01:03:30]} {[%emt 00:00:41]} Rf6 {[%clk 00:46:18]}
{[%emt 00:08:52]} 22. Re3 {[%clk 00:58:03]} {[%emt 00:05:57]} Kf7 {[%clk
00:33:00]} {[%emt 00:13:48]} 23. Rde1 {[%clk 00:56:33]} {[%emt 00:01:59]} a5
{[%clk 00:30:23]} {[%emt 00:03:08]} 24. Nd7 {[%clk 00:54:26]} {[%emt 00:02:38]}
Rd6 {[%clk 00:28:37]} {[%emt 00:02:15]} 25. Ne5+ {[%clk 00:54:41]} {[%emt
00:00:15]} Nxe5 {[%clk 00:28:47]} {[%emt 00:00:20]} 26. Rxe5 {[%clk 00:54:57]}
{[%emt 00:00:15]} Ra7 {[%clk 00:28:26]} {[%emt 00:00:51]} 27. g4 {[%clk
00:53:43]} {[%emt 00:01:44]} b4 {[%clk 00:25:22]} {[%emt 00:03:34]} 28. h4
{[%clk 00:52:24]} {[%emt 00:01:48]} a4 {[%clk 00:24:59]} {[%emt 00:00:53]} 29.
h5 {[%clk 00:51:51]} {[%emt 00:01:03]} Rc7 {[%clk 00:24:12]} {[%emt 00:01:17]}
30. g5 {[%clk 00:51:59]} {[%emt 00:00:22]} g6 {[%clk 00:24:15]} {[%emt
00:00:27]} 31. hxg6+ {[%clk 00:51:50]} {[%emt 00:00:39]} Rxg6 {[%clk 00:20:37]}
{[%emt 00:04:07]} 32. Rh1 {[%clk 00:50:06]} {[%emt 00:02:14]} Kg7 {[%clk
00:20:04]} {[%emt 00:01:03]} 33. Rh5 {[%clk 00:45:47]} {[%emt 00:04:50]} h6
{[%clk 00:16:51]} {[%emt 00:03:43]} 34. Rxh6 {[%clk 00:45:00]} {[%emt
00:01:16]} Rxh6 {[%clk 00:17:15]} {[%emt 00:00:06]} 35. gxh6+ {[%clk 00:45:21]}
{[%emt 00:00:09]} Kxh6 {[%clk 00:17:40]} {[%emt 00:00:05]} 36. Kd2 {[%clk
00:45:27]} {[%emt 00:00:24]} Kg6 {[%clk 00:16:48]} {[%emt 00:01:22]} 37. a3
{[%clk 00:45:30]} {[%emt 00:00:28]} bxa3 {[%clk 00:16:35]} {[%emt 00:00:42]}
38. bxa3 {[%clk 00:45:32]} {[%emt 00:00:28]} Kf6 {[%clk 00:16:56]} {[%emt
00:00:09]} 39. Re8 {[%clk 00:44:35]} {[%emt 00:01:27]} Ra7 {[%clk 00:14:00]}
{[%emt 00:03:26]} 40. Rf8+ {[%clk 00:43:57]} {[%emt 00:01:08]} Ke7 {[%clk
00:12:05]} {[%emt 00:02:24]} 41. Rh8 {[%clk 00:43:28]} {[%emt 00:01:00]} Ra6
{[%clk 00:12:14]} {[%emt 00:00:21]} 42. Rb8 {[%clk 00:43:05]} {[%emt 00:00:53]}
Ra5 {[%clk 00:08:06]} {[%emt 00:04:38]} 43. Kd3 {[%clk 00:40:23]} {[%emt
00:03:11]} Kd6 {[%clk 00:05:22]} {[%emt 00:03:14]} 44. f5 {[%clk 00:39:00]}
{[%emt 00:01:54]} Ke7 {[%clk 00:05:29]} {[%emt 00:00:24]} 45. Rb6 {[%clk
00:35:47]} {[%emt 00:03:43]} Kf6 {[%clk 00:05:01]} {[%emt 00:00:58]} 46. Rxc6+
{[%clk 00:36:05]} {[%emt 00:00:11]} Kxf5 {[%clk 00:05:23]} {[%emt 00:00:08]}
47. Rb6 {[%clk 00:35:18]} {[%emt 00:01:18]} Kg5 {[%clk 00:04:16]} {[%emt
00:01:37]} 48. Rb4 {[%clk 00:34:00]} {[%emt 00:01:47]} Kf4 {[%clk 00:04:18]}
{[%emt 00:00:28]} 49. Rb8 {[%clk 00:33:58]} {[%emt 00:00:32]} Kf5 {[%clk
00:03:18]} {[%emt 00:01:30]} 50. Rb6 {[%clk 00:34:05]} {[%emt 00:00:22]} Ra8
{[%clk 00:03:05]} {[%emt 00:00:43]} 51. Rd6 {[%clk 00:33:11]} {[%emt 00:01:24]}
Ra5 {[%clk 00:03:18]} {[%emt 00:00:17]} 52. Rb6 {[%clk 00:33:33]} {[%emt
00:00:09]} Kf4 {[%clk 00:01:58]} {[%emt 00:01:50]} 53. Rf6+ {[%clk 00:33:33]}
{[%emt 00:00:30]} Kg5 {[%clk 00:01:04]} {[%emt 00:01:24]} 54. Rb6 {[%clk
00:33:41]} {[%emt 00:00:22]} Kg4 {[%clk 00:00:40]} {[%emt 00:00:54]} 55. Rg6+
{[%clk 00:34:03]} {[%emt 00:00:08]} Kf5 {[%clk 00:01:04]} {[%emt 00:00:06]} 56.
Rb6 {[%clk 00:34:28]} {[%emt 00:00:04]} Ra8 {[%clk 00:00:39]} {[%emt 00:00:56]}
57. Rb5 {[%clk 00:33:12]} {[%emt 00:01:46]} Ke6 {[%clk 00:00:53]} {[%emt
00:00:16]} 58. Rb6+ {[%clk 00:30:20]} {[%emt 00:03:22]} Kd7 {[%clk 00:01:07]}
{[%emt 00:00:16]} 59. Rb5 {[%clk 00:30:09]} {[%emt 00:00:41]} Kc6 {[%clk
00:01:29]} {[%emt 00:00:08]} 60. Rc5+ {[%clk 00:30:15]} {[%emt 00:00:24]} Kd6
{[%clk 00:01:34]} {[%emt 00:00:25]} 61. Rb5 {[%clk 00:28:51]} {[%emt 00:01:53]}
Rh8 {[%clk 00:01:48]} {[%emt 00:00:15]} 62. Kc3 {[%clk 00:28:28]} {[%emt
00:00:53]} Rh3+ {[%clk 00:02:02]} {[%emt 00:00:16]} 63. Kb4 {[%clk 00:28:36]}
{[%emt 00:00:19]} Rd3 {[%clk 00:02:14]} {[%emt 00:00:21]} 64. Kxa4 {[%clk
00:22:15]} {[%emt 00:06:52]} Rxd4+ {[%clk 00:02:39]} {[%emt 00:00:05]} 65. Kb3
{[%clk 00:20:25]} {[%emt 00:02:21]} Rd3+ {[%clk 00:02:49]} {[%emt 00:00:19]}
66. Kb4 {[%clk 00:18:44]} {[%emt 00:02:10]} Rd4+ {[%clk 00:01:51]} {[%emt
00:01:29]} 67. Kc3 {[%clk 00:16:30]} {[%emt 00:02:44]} Rc4+ {[%clk 00:02:13]}
{[%emt 00:00:08]} 68. Kd3 {[%clk 00:16:14]} {[%emt 00:00:45]} Kc6 {[%clk
00:02:24]} {[%emt 00:00:18]} 69. Rb4 {[%clk 00:16:00]} {[%emt 00:00:45]} Rc1
{[%clk 00:01:09]} {[%emt 00:01:45]} 70. a4 {[%clk 00:15:38]} {[%emt 00:00:53]}
Rd1+ {[%clk 00:01:00]} {[%emt 00:00:38]} 71. Kc3 {[%clk 00:13:59]} {[%emt
00:02:09]} Kc5 {[%clk 00:00:43]} {[%emt 00:00:47]} 72. Rb5+ {[%clk 00:14:10]}
{[%emt 00:00:19]} Kc6 {[%clk 00:00:59]} {[%emt 00:00:15]} 73. Rb4 {[%clk
00:14:02]} {[%emt 00:00:38]} Rg1 {[%clk 00:00:48]} {[%emt 00:00:40]} 74. Kd3
{[%clk 00:12:58]} {[%emt 00:01:34]} Rg3+ {[%clk 00:01:05]} {[%emt 00:00:12]}
75. Kd4 {[%clk 00:11:49]} {[%emt 00:01:40]} Ra3 {[%clk 00:01:24]} {[%emt
00:00:12]} 76. Ke5 {[%clk 00:10:19]} {[%emt 00:02:00]} Re3+ {[%clk 00:01:38]}
{[%emt 00:00:15]} 77. Kd4 {[%clk 00:10:00]} {[%emt 00:00:49]} Re4+ {[%clk
00:01:09]} {[%emt 00:00:59]} 78. Kc3 {[%clk 00:10:16]} {[%emt 00:00:14]} Re3+
{[%clk 00:01:21]} {[%emt 00:00:18]} 79. Kd4 {[%clk 00:10:39]} {[%emt 00:00:07]}
Re1 {[%clk 00:00:57]} {[%emt 00:00:54]} 80. Kd3 {[%clk 00:10:01]} {[%emt
00:01:07]} Kd6 {[%clk 00:01:02]} {[%emt 00:00:26]} 81. Rb8 {[%clk 00:04:37]}
{[%emt 00:05:54]} Kc5 {[%clk 00:00:41]} {[%emt 00:00:51]} 82. Rb5+ {[%clk
00:04:27]} {[%emt 00:00:41]} Kc6 {[%clk 00:00:56]} {[%emt 00:00:15]} 83. Rb4
{[%clk 00:04:01]} {[%emt 00:00:56]} Rd1+ {[%clk 00:01:08]} {[%emt 00:00:18]}
84. Kc3 {[%clk 00:03:47]} {[%emt 00:00:44]} Kd6 85. Rb8 Rc1+ 86. Kd3 Rc4 87.
Rd8+ Ke6 88. Re8+ Kd7 89. Ra8 Kc7 90. Ra5 Kc6 91. Ra6+ Kd7 92. Ra7+ Kd6 93. Ra8
Rh4 94. Re8 Kd7 95. Re5 Kd6 96. Re8 Rxa4 97. Rd8+ Ke6 98. Kd2 Ra3 99. Re8+ Kd6
100. Rd8+ Ke5 101. Re8+ Kd4 102. Rh8 Ra2+ 103. Kd1 Kc4 104. Rc8+ Kd3 105. Kc1
d4 106. Rh8 Ra1+ 107. Kb2 Re1 108. Rh3+ Re3 109. Rh4 Re4 110. Rh3+ Kd2 111.
Rh2+ Re2 112. Rh1 d3 113. Rg1 Ke3+ 114. Kb1 d2 115. Rg3+ Kf2 116. Rd3 Ke1 0-1